000 nam a22 a 4500
999 _c754
_d754
003 AKMAL
005 20170505092501.0
008 170505s1989 my a00 may d
020 _a983621092X
040 _aAKMAL
082 0 4 _a297.07 FAR
090 _a297.07
_bFAR
245 _aSains sosial dan sains tulen /
_c[disunting oleh I.R. Al Faruqi & A.O. Naseef] ; penterjemah, Mohamad Rafie Abdul Malek
260 _aKuala Lumpur :
_bDewan Bahasa dan Pustaka,
_c1989
300 _aviii, 231ms. ;
_c22cm
500 _aTerjemahan dari: Social and natural sciences. Jeddah: King Abdulaziz University, 1981
504 _aMengandungi rujukan bibliografi
650 _aIslam
_xEducation
_91586
650 _aSocial science
_xStudy and teaching
_xIslamic countries
_91631
650 _aScience
_xStudy and teaching
_xIslamic countries
_91632
650 _aIslam
_y20th century
_91553
700 1 _aAl-Faruqi, Isma'il R.,
_d1921-1986
_91633
700 1 _aNasseef, Abdullah Omar,
_d1939-
_91634
700 0 _aMohamad Rafie Abdul Malek
_91635
942 _2ddc
_cBOOK